Sports Quiz

Random Sports or Soccer Quiz

Premier League: 100 Best Players Quiz Stats

 Plays Quiz Updated Oct 31, 2016

Score 0/100 Timer 14:00
4 Plays Today
Club(s) Player % Correct
ArsenalThierry Henry
94%
Man UtdRyan Giggs
92.5%
Everton, Man UtdWayne Rooney
92%
LiverpoolSteven Gerrard
90.5%
Blackburn, NewcastleAlan Shearer
89.4%
West Ham, Chelsea, Man CityFrank Lampard
89.3%
Man UtdPaul Scholes
88.6%
ChelseaJohn Terry
86.2%
Man UtdCristiano Ronaldo
85.5%
Man CitySergio Aguero
84.2%
Arsenal, ChelseaAshley Cole
84%
Newcastle, Man Utd, Blackburn, Fulham, Man City, Portsmouth, SunderlandAndy Cole
83.9%
West Ham, Leeds, Man Utd, QPRRio Ferdinand
83.2%
ChelseaDidier Drogba
82.7%
QPR, Newcastle, Spurs, West Ham, Leicester, BoltonLes Ferdinand
82.4%
Man UtdDavid Beckham
79.1%
Forest, Man UtdRoy Keane
78.2%
Coventry, Leeds, Spurs, Liverpool, West Ham, VillaRobbie Keane
77.4%
LiverpoolLuis Suarez
77.3%
Man UtdGary Neville
77.1%
Man Utd, EvertonPhil Neville
76.8%
Leeds, Man UtdEric Cantona
76.6%
ArsenalDenis Bergkamp
75%
Arsenal, Man UtdRobin van Persie
74.3%
Man CityYaya Toure
73.5%
Liverpool, Newcastle, Man Utd, StokeMichael Owen
71.7%
Man CityVincent Kompany
70.9%
Liverpool, ChelseaFernando Torres
69.3%
Man CityDavid Silva
68.9%
Chelsea, ArsenalPetr Cech
67.8%
SpursHarry Kane
66.2%
Arsenal, ChelseaCesc Fabregas
65.5%
Arsenal, Man CityPatrick Vieira
64.6%
LiverpoolJamie Carragher
64.3%
Club(s) Player % Correct
ArsenalAlexis Sanchez
63.6%
ArsenalTony Adams
63.5%
Man Utd, Villa, Man CityPeter Schmeichel
63.5%
SpursGareth Bale
63%
Arsenal, VillaRobert Pires
63%
Man UtdNemanja Vidic
62.9%
Liverpool, Leeds, Man City, BlackburnRobbie Fowler
62.8%
Villa, Man Utd, Blackburn, Birmingham, SunderlandDwight Yorke
62.6%
Forest, Spurs, Man Utd, Portsmouth, West HamTeddy Sheringham
61%
Man City, BirminghamJoe Hart
60.4%
Fulham, Man UtdEdwin van der Sar
60.4%
Tottenham, Arsenal, Portsmouth, NewcastleSol Campbell
60.2%
West Ham, Man Utd, Man CityCarlos Tevez
59.2%
Arsenal, Liverpool, Man City, Bolton, Chelsea, West BromNicolas Anelka
58.9%
Man UtdRuud van Nistelrooy
58.7%
SouthamptonMatt le Tissier
57.8%
ChelseaGianfranco Zola
57.3%
Arsenal, Man CityDavid Seaman
56.7%
ArsenalMesut Ozil
56.7%
Spurs, Man Utd, FulhamDimitar Berbatov
56.3%
West Ham, Spurs, Man UtdMichael Carrick
54.8%
Man UtdDavid de Gea
51.9%
Man Utd, Newcastle, BirminghamNicky Butt
50.9%
Arsenal, West HamIan Wright
50%
LiverpoolXabi Alonso
48.8%
Man UtdPatrice Evra
43.7%
EvertonTim Cahill
42.9%
Man Utd, WolvesDennis Irwin
41.1%
Man UtdJaap Stam
40.8%
Everton, ArsenalMartin Keown
39.8%
Man UtdOle Gunnar Solskjaer
38.4%
Leeds, Chelsea, Middlesbrough, CharltonJimmy Floyd Hasselbaink
37.4%
Arsenal, ChelseaEmmanuel Petit
37.2%
Man Utd, Chelsea, Southampton, Everton, BlackburnMark Hughes
36.7%
Club(s) Player % Correct
Man UtdSteve Bruce
36.7%
Man Utd, Liverpool, Middlesbrough, WolvesPaul Ince
36.2%
Leeds, Everton, Newcastle, BoltonGary Speed
36.2%
SpursLedley King
36.1%
Charlton, Chelsea, Newcastle, West Ham, Spurs, FulhamScott Parker
35.8%
ArsenalLee Dixon
35.2%
Liverpool, Villa, West Ham, Man City, PortsmouthDavid James
34.8%
Man Utd, EvertonTim Howard
34.6%
SpursLuka Modric
34.6%
BoltonJayJay Okocha
34.4%
Norwich, Blackburn, Chelsea, Birmingham, VillaChris Sutton
34.1%
SpursJurgen Klinsmann
33.7%
Man CityPablo Zabaleta
33.2%
Sheff Wed, West Ham, CharltonPaolo Di Canio
33.1%
ChelseaClaude Makelele
33%
LiverpoolPepe Reina
32.5%
ArsenalMarc Overmars
32.1%
Sunderland, Southampton, Villa, West Brom, BirminghamKevin Phillips
31.9%
LiverpoolSami Hyypia
31.3%
Man Utd, MiddlesbroughGary Pallister
30.4%
Newcastle, Spurs, Villa, EvertonDavid Ginola
27.5%
ChelseaBranislav Ivanovic
27.4%
Liverpool, Man CitySteve McManaman
27.2%
Arsenal, West HamNigel Winterburn
26.6%
ChelseaRicardo Carvalho
26.4%
ChelseaMarcel Desailly
21.7%
Chelsea, Blackburn, SouthamptonGraeme le Saux
20.2%
Chelsea, SpursGus Poyet
18.3%
Leeds, Blackburn, NewcastleDavid Batty
15.7%
ChelseaRoberto di Matteo
14.1%
Everton, Newcastle, BoltonPeter Beardsley
12.3%
LeedsLucas Radebe
11.2%

You're not logged in!

Compare scores with friends on all Sporcle quizzes.
OR
Log In

Show Comments

Extras

Top Quizzes Today


Score Distribution

Your Account Isn't Verified!

In order to create a playlist on Sporcle, you need to verify the email address you used during registration. Go to your Sporcle Settings to finish the process.

Report this User

Report this user for behavior that violates our Community Guidelines.

Details: